<?xml version="1.0" encoding="UTF-8"?><?xml-stylesheet type="text/xsl" href="static/style.xsl"?><OAI-PMH xmlns="http://www.openarchives.org/OAI/2.0/" xmlns:xsi="http://www.w3.org/2001/XMLSchema-instance" xsi:schemaLocation="http://www.openarchives.org/OAI/2.0/ http://www.openarchives.org/OAI/2.0/OAI-PMH.xsd"><responseDate>2026-04-13T01:04:21Z</responseDate><request verb="GetRecord" identifier="oai:www.recercat.cat:11351/11011" metadataPrefix="marc">https://recercat.cat/oai/request</request><GetRecord><record><header><identifier>oai:recercat.cat:11351/11011</identifier><datestamp>2025-10-24T10:42:24Z</datestamp><setSpec>com_2072_378070</setSpec><setSpec>com_2072_378040</setSpec><setSpec>col_2072_378092</setSpec></header><metadata><record xmlns="http://www.loc.gov/MARC21/slim" xmlns:dcterms="http://purl.org/dc/terms/" xmlns:xsi="http://www.w3.org/2001/XMLSchema-instance" xmlns:doc="http://www.lyncode.com/xoai" xsi:schemaLocation="http://www.loc.gov/MARC21/slim http://www.loc.gov/standards/marcxml/schema/MARC21slim.xsd">
   <leader>00925njm 22002777a 4500</leader>
   <datafield ind2=" " ind1=" " tag="042">
      <subfield code="a">dc</subfield>
   </datafield>
   <datafield ind2=" " ind1=" " tag="720">
      <subfield code="a">Padilla, Pablo</subfield>
      <subfield code="e">author</subfield>
   </datafield>
   <datafield ind2=" " ind1=" " tag="720">
      <subfield code="a">LAGO, VICTOR</subfield>
      <subfield code="e">author</subfield>
   </datafield>
   <datafield ind2=" " ind1=" " tag="720">
      <subfield code="a">Tauste Rubio, Carmen Manuela</subfield>
      <subfield code="e">author</subfield>
   </datafield>
   <datafield ind2=" " ind1=" " tag="720">
      <subfield code="a">Oliver, Reyes</subfield>
      <subfield code="e">author</subfield>
   </datafield>
   <datafield ind2=" " ind1=" " tag="720">
      <subfield code="a">Díaz-Feijoo, Berta</subfield>
      <subfield code="e">author</subfield>
   </datafield>
   <datafield ind2=" " ind1=" " tag="720">
      <subfield code="a">Gil-Moreno, Antonio</subfield>
      <subfield code="e">author</subfield>
   </datafield>
   <datafield ind2=" " ind1=" " tag="260">
      <subfield code="c">2024-02-09T10:31:42Z</subfield>
   </datafield>
   <datafield ind2=" " ind1=" " tag="260">
      <subfield code="c">2024-02-09T10:31:42Z</subfield>
   </datafield>
   <datafield ind2=" " ind1=" " tag="260">
      <subfield code="c">2020</subfield>
   </datafield>
   <datafield ind2=" " ind1=" " tag="520">
      <subfield code="a">Endometrial cancer; Minimally invasive surgery; Uterine manipulator</subfield>
   </datafield>
   <datafield ind2=" " ind1=" " tag="520">
      <subfield code="a">Càncer d'endometri; Cirurgia mínimament invasiva; Manipulador uterí</subfield>
   </datafield>
   <datafield ind2=" " ind1=" " tag="520">
      <subfield code="a">Cáncer de endometrio; Cirugía mínimamente invasiva; Manipulador uterino</subfield>
   </datafield>
   <datafield ind2=" " ind1=" " tag="520">
      <subfield code="a">Background&#xd;
There are limited data available to indicate whether oncological outcomes might be influenced by the uterine manipulator, which is used at the time of hysterectomy for minimally invasive surgery in patients with endometrial cancer. The current evidence derives from retrospective studies with limited sample sizes. Without substantial evidence to support its use, surgeons are required to make decisions about its use based only on their personal choice and surgical experience.&#xd;
Objective&#xd;
To evaluate the use of the uterine manipulator on oncological outcomes after minimally invasive surgery, for apparent early-stage endometrial cancer.&#xd;
Study Design&#xd;
We performed a retrospective multicentric study to assess the oncological safety of uterine manipulator use in patients with apparent early-stage endometrial cancer, treated with minimally invasive surgery. The type of manipulator, surgical staging, histology, lymphovascular space invasion, International Federation of Gynecology and Obstetrics stage, adjuvant treatment, recurrence, and pattern of recurrence were evaluated. The primary objective was to determine the relapse rate. The secondary objective was to determine recurrence-free survival, overall survival, and the pattern of recurrence.&#xd;
Results&#xd;
A total of 2661 women from 15 centers were included; 1756 patients underwent hysterectomy with a uterine manipulator and 905 without it. Both groups were balanced with respect to histology, tumor grade, myometrial invasion, International Federation of Gynecology and Obstetrics stage, and adjuvant therapy. The rate of recurrence was 11.69% in the uterine manipulator group and 7.4% in the no-manipulator group (P&lt;.001). The use of the uterine manipulator was associated with a higher risk of recurrence (hazard ratio, 2.31; 95% confidence interval, 1.27–4.20; P=.006). The use of uterine manipulator in uterus-confined endometrial cancer (International Federation of Gynecology and Obstetrics [FIGO] I–II) was associated with lower disease-free survival (hazard ratio, 1.74; 95% confidence interval, 0.57–0.97; P=.027) and higher risk of death (hazard ratio, 1.74; 95% confidence interval, 1.07–2.83; P=.026). No differences were found regarding the pattern of recurrence between both groups (chi-square statistic, 1.74; P=.63).&#xd;
Conclusion&#xd;
In this study, the use of a uterine manipulator was associated with a worse oncological outcome in patients with uterus-confined endometrial cancer (International Federation of Gynecology and Obstetrics I–II) who underwent minimally invasive surgery. Prospective trials are essential to confirm these results.</subfield>
   </datafield>
   <datafield ind1="8" ind2=" " tag="024">
      <subfield code="a">http://hdl.handle.net/11351/11011</subfield>
   </datafield>
   <datafield tag="653" ind2=" " ind1=" ">
      <subfield code="a">Avaluació de resultats (Assistència sanitària)</subfield>
   </datafield>
   <datafield tag="653" ind2=" " ind1=" ">
      <subfield code="a">Endometri - Càncer</subfield>
   </datafield>
   <datafield tag="653" ind2=" " ind1=" ">
      <subfield code="a">Histerectomia</subfield>
   </datafield>
   <datafield tag="653" ind2=" " ind1=" ">
      <subfield code="a">DISEASES::Neoplasms::Neoplasms by Site::Urogenital Neoplasms::Genital Neoplasms, Female::Uterine Neoplasms::Endometrial Neoplasms</subfield>
   </datafield>
   <datafield tag="653" ind2=" " ind1=" ">
      <subfield code="a">ANALYTICAL, DIAGNOSTIC AND THERAPEUTIC TECHNIQUES, AND EQUIPMENT::Surgical Procedures, Operative::Urogenital Surgical Procedures::Gynecologic Surgical Procedures::Hysterectomy</subfield>
   </datafield>
   <datafield tag="653" ind2=" " ind1=" ">
      <subfield code="a">ANALYTICAL, DIAGNOSTIC AND THERAPEUTIC TECHNIQUES, AND EQUIPMENT::Diagnosis::Prognosis::Treatment Outcome</subfield>
   </datafield>
   <datafield tag="653" ind2=" " ind1=" ">
      <subfield code="a">ENFERMEDADES::neoplasias::neoplasias por localización::neoplasias urogenitales::neoplasias de los genitales femeninos::neoplasias uterinas::neoplasias endometriales</subfield>
   </datafield>
   <datafield tag="653" ind2=" " ind1=" ">
      <subfield code="a">TÉCNICAS Y EQUIPOS ANALÍTICOS, DIAGNÓSTICOS Y TERAPÉUTICOS::intervenciones quirúrgicas::procedimientos quirúrgicos urogenitales::procedimientos quirúrgicos ginecológicos::histerectomía</subfield>
   </datafield>
   <datafield tag="653" ind2=" " ind1=" ">
      <subfield code="a">TÉCNICAS Y EQUIPOS ANALÍTICOS, DIAGNÓSTICOS Y TERAPÉUTICOS::diagnóstico::pronóstico::resultado del tratamiento</subfield>
   </datafield>
   <datafield ind2="0" ind1="0" tag="245">
      <subfield code="a">Impact of uterine manipulator on oncological outcome in endometrial cancer surgery</subfield>
   </datafield>
</record></metadata></record></GetRecord></OAI-PMH>